1035 1699 1773 1400 1416 1366 1608 1877 1759 1411 1026 1436 1790 1595 1951 1832 1404 1921 1609 1320 1804 1748 1546 1464 1378 1583 1274 1322 1356 1931 1323 1292 1293 1905 1533 1926 1912 1749 1298 1762 1088 1081 1365 1427 1321 1027 1120 1372 1533 1315 1501 1403 1915 1870 1365 1890 1978 1817 1374 1063 1602 1339 1410 1136 1988 1008 1692 1902 1564 1819 1404 1383 1679 1725 1444 1748 1878 1769 1799 1230 1356 1276 1651 1655 1950 1143 1181 1736 1727 1913 1247 1216 1749 1413 1889 1334 1882 1292 1788 BCNSPRNW ULIB Ver.6.0+V

เปลี่ยนเป็นภาษาไทย

Change to English
 แสดงรายละเอียดบรรณานุกรม
  กลับหน้าหลัก

Brief Record : Get Marc (ISO 2709) : E-mail record : QR code < ปิดหน้าต่าง
LEADER : 00000nam 2200000uu 4500
001    13399108837
003     ULIB
008    110315s2550||||th 000 0 tha d
024    9789744223715
060  4 WY105^b293บ 2550
110 1  สมาคมเวชศาสตร์ฉุกเฉินแห่งประเทศไทย และศูนย์กู้ชีพ"นเรนทร" โรงพยาบาลราชวิถี
245 00 บทบาทพยาบาลฉุกเฉิน ปัจจุบันและอนาคต=^bRoles of emergency nurse : today and tomorrow^cสมาคมเวชศาสตร์ฉุกเฉินแห่งประเทศไทย และศูนย์กู้ชีพ"นเรนทร" โรงพยาบาลราชวิถี
246 0  การประชุมวิชาการ เวชศาสตร์ฉุกเฉิน ครั้งที่ 7 บทบาทพยาบาลฉุกเฉิน ปัจจุบันและอนาคต วันที่ 23-27 กรกฎาคม 2550 ณ โรงพยาบาลราชวิถี ^cโดย
260    กรุงเทพฯ :^bN P Press Limited Partnership^c2550
300    174 หน้า^bภาพประกอบ
650  7 เวชศาสตร์ฉุกเฉิน
650  7 การพยาบาลฉุกเฉิน
650  7 ระบบบริการการแพทย์ฉุกเฉิน
710 1  สมาคมเวชศาสตร์ฉุกเฉินแห่งประเทศไทย และศูนย์กู้ชีพ"นเรนทร" โรงพยาบาลราชวิถี
945    ^p0^l0^i029190
995    เกษร
999 ^a ใช้งานได้ทุกระบบ
รายการนี้ยังไม่มีแท็ก
คุณยังไม่ได้ล็อกอิน คุณสามารถมีกิจกรรมร่วมกับเว็บไซต์ได้ แต่ต้องล็อกอินก่อน ::
  ล็อกอิน

รายการสื่อสารสนเทศ

ลำดับที่ ประเภท เลขเรียก/บาร์โค้ด สถานที่ สถานะ
- ไม่พบข้อมูล -

รายการใกล้เคียง
    หัวเรื่อง [เวชศาสตร์ฉุกเฉิน]
    หัวเรื่อง [การพยาบาลฉุกเฉิน]

BibComment


ยังไม่เคยถูกคอมเมนท์

คอมเมนท์ทรัพยากรรายการนี้
  คอมเมนท์: บทบาทพยาบาลฉุกเฉิ..


 Copyright 2026. Bcnsprnw @Library